Centrálne vetranie a chladenie bytového domu s aplikáciou rekuperačnej jednotky

Saved in:
Bibliographic Details
Main Author: Hološová, Lucia (Author)
Other Authors: Hurtíková, Daniela (Thesis advisor)
Format: Manuscript Book
Language:Slovak
Published: 2017
Subjects:
Online Access:http://is.stuba.sk/zp/portal_zp.pl?podrobnosti=124923
https://opac.crzp.sk/?fn=detailBiblioForm&sid=CBCDB6E5622FB9C0D05E4028BE80
Tags: Add Tag
No Tags, Be the first to tag this record!

MARC

LEADER 00000ntm a22000003a 4500
001 stuzp62438
003 SK-STU
005 20230811114235.6
007 ta
008 150427s2015----xo-----f-mn---000-0-slo-d
040 |a STU  |b slo 
041 0 |a slo 
100 1 |a Hološová, Lucia  |u 010290  |4 aut  |U SvF Stavebná fakulta  |T SvF Katedra technických zariadení budov  |X 42231  |U V290  |Y 31  |7 42231 
242 0 1 |a CENTRAL VENTILATION AND COOLING OF A RESIDENTIAL BUILDING WITH APPLICATION OF HEAT RECOVERY UNIT  |y eng 
245 1 0 |a Centrálne vetranie a chladenie bytového domu s aplikáciou rekuperačnej jednotky 
260 |c 2017 
650 4 |a vetranie  |2 slo 
650 4 |a chladenie  |2 slo 
650 4 |a rekuperačná jednotka  |2 slo 
650 4 |a ventilation  |2 eng 
650 4 |a cooling  |2 eng 
650 4 |a heat recovery unit  |2 eng 
700 1 |a Hurtíková, Daniela  |u 010290  |k Z8  |4 ths  |U SvF Stavebná fakulta  |T SvF Katedra technických zariadení budov  |X 23437  |U V290  |Y 31  |7 A000023437 
856 4 |u http://is.stuba.sk/zp/portal_zp.pl?podrobnosti=124923 
856 4 |u https://opac.crzp.sk/?fn=detailBiblioForm&sid=CBCDB6E5622FB9C0D05E4028BE80